How Clever Are You? - Statistics

General Stats
  • This quiz has been taken 148 times
  • The average score is 4 of 10
Answer Stats
Question Answer % Correct
WHAT IS THE MOST COMMON ELEMENT IN THE EARTH'S ATMOSPHERE? NITROGEN
72%
HOW HAS THE STATUE OF LIBERTY CHANGED SINCE IT WAS ERECTED? CHANGED COLOR
68%
WHY DID CHRISTOPHER COLUMBUS SET SAIL IN 1492? TO FIND A WESTWARD ROUTE TO ASIA
66%
WHY IS IT HOTTER IN SUMMER THAN WINTER? BECAUSE OF THE TILT OF THE EARTH'S AXIS.
54%
WHAT'S THE CORRECT TERM FOR A GROUP OF HIPPOPOTAMUSES? A BLOAT
46%
WHAT IS THE DRIEST PLACE ON EARTH? THE DRY VALLEYS OF ANTARCTICA
34%
WHERE SHOULD YOU LOOK IF YOU WANT TO SEE AN OPISTHENAR YOUR HAND
28%
WHAT DOES OUTTER SPACE SMELL LIKE? BURNT STEAK AND HOT METAL
27%
WHAT ARE PEOPLE WITH ALEKTOROPHOBIA AFRAID OF? CHICKENS
27%
WHAT WERE THE EARLIEST FORMS OF CONTRACEPTION MADE FROM? CROCCODILE DUNG
19%
No matching quizzes found
Score Distribution
Percent of People with Each Score
Percentile by Number Answered
Your Score History
You have not taken this quiz